| 000 | 00317 a2200133 4500 | ||
|---|---|---|---|
| 001 | 90312 | ||
| 082 | _a891.4393 UME | ||
| 090 |
_c42632 _d42632 |
||
| 100 | _aUmm e Maryam | ||
| 245 |
_aBas ik sajan Harjai _hUrdu |
||
| 260 |
_aLahore _bIlm-o-Irfan Publishers _c2014 |
||
| 300 | _a208p. | ||
| 500 | _aGeneral Books | ||
| 942 |
_aCAE NUST _k891.4393 UME |
||
| 999 |
_c325385 _d325385 |
||